SCADA systém pre riadiaci systém na báze UDC 3300 Honeywell : Diplomová práca

Guardado en:
Detalles Bibliográficos
Autor principal: Klčo, Ľubomír (Autor)
Otros Autores: Mudrončík, Dušan, 1947- (xxx)
Formato: Manuscrito Libro
Lenguaje:eslovaco
Publicado: Trnava : STU v Bratislave MtF KAIA, 2006
Materias:
Etiquetas: Agregar Etiqueta
Sin Etiquetas, Sea el primero en etiquetar este registro!

MARC

LEADER 00000ntm a22000003a 4500
001 stu123970
005 20160719155449.0
008 060724s2006----xo------------------slo-d
040 |a STU  |b slo 
041 0 |a slo 
044 |a xo 
100 1 |a Klčo, Ľubomír  |4 aut 
245 1 |a SCADA systém pre riadiaci systém na báze UDC 3300 Honeywell :  |b Diplomová práca 
260 |a Trnava :  |b STU v Bratislave MtF KAIA,  |c 2006 
300 |a 67 s  |c príl (1 CD) 
650 7 |a aplikovaná informatika a automatizácia v priemysle  |2 stusub 
650 7 |a riadiace systémy  |2 stusub 
700 1 |a Mudrončík, Dušan,  |d 1947-  |4 xxx  |u M6000  |U MTF Materiálovotechnologická fakulta  |T MTF Ústav aplikovanej informatiky, automatizácie a matematiky  |X 505  |U M6000  |Y 86  |7 A000000505 
996 |b 284M073732  |c M*DP-6297  |l MMSKP  |s P  |a 0  |w stu123970_0001